| 000 | 00855nam a2200229 i 4500 | ||
|---|---|---|---|
| 001 | bg | ||
| 100 | 1 | _aFAŁTYNOWICZ, Wiesław | |
| 245 | 1 | 0 |
_aThe lichens of Western Pomerania (NW Poland) : _ban ecogeographical study / _cWiesław Fołtynowicz. |
| 260 |
_aKraków : _bW. Szafer Institute of Botany, _c1992. |
||
| 300 |
_a182 s. : _bmapy ; _c24 cm. |
||
| 490 | 1 |
_aPolish Botanical Studies / W. Szafer Institute of Botany, Polish Academy of Sciences, _x0867-0730 ; _vvol.4 |
|
| 504 | _aIndeksy. | ||
| 650 | 9 |
_aPorosty _xgeografia _zPolska _zPomorze Zachodnie |
|
| 830 | 0 |
_aPolish Botanical Studies (W. Szafer Institute of Botany, Polish Academy of Sciences) ; _vvol.4 |
|
| 020 | _a8385444122 | ||
| 040 | _cBPK | ||
| 041 | 0 | _aen | |
| 080 | _a582.29:574.9](438-15) | ||
| 920 | _a83-85444-12-2 | ||
| 942 | _cKS | ||
| 008 | s pl f |000 0 pol | ||
| 999 |
_c30683 _d30683 |
||
| 856 |
_uhttp://koha.tu.koszalin.pl/cgi-bin/koha/opac-detail.pl?biblionumber=30683 _yKatalog online BPK |
||